000
00225nam a22000977a 4500
999
_c
16163
_d
16163
003
OSt
008
200611b ||||| |||| 00| 0 eng d
100
_a
Proust, Marcel
_9
4585
245
_a
Cities of the plain, Part 2
942
_c
BK